Landen via Foto n°2 - Statistieken

Algemene statistieken
  • Deze quiz is 2.569 keer genomen
  • De gemiddelde score is 9 van 15
Antwoordstatistieken
Foto Antwoord % Correct
Egypte
100%
Verenigd Koninkrijk
96%
Peru
85%
Saoedi-Arabië
76%
Mongolië
74%
Italië
67%
Vietnam
67%
Turkije
61%
Irak
56%
Zwitserland
54%
Maleisië
46%
Indonesië
45%
Madagaskar
39%
Ecuador
30%
Oekraïne
17%
Geen overeenkomende quizzen gevonden
Scoreverdeling
Procent van Mensen met Elke Score
Percentiel versus Aantal Correcte Antwoorden
Uw Scoregeschiedenis
U heeft deze quiz nog niet genomen